000 00626nam a22002057a 4500
005 20140110143029.0
010 _aENG-109065
020 _a9788120348790
_c650.00
035 _aEN-92598
037 _bDBAD/PUB
082 _a624.15132
245 _aEngineering in rocks for slopes, foundations and tunnels /
_cedited by T. Ramamurthy
250 _a3rd ed
260 _aDelhi
_bPHI Learning
_c2014
270 _aRimjhim House, 111, Patparganj Indl. Estate
_bDelhi
_e110092
300 _axxiv,757p.
_c24cm(pbk)
500 _aIncludes index
700 _aRamamurthy, T.
942 _2ddc
_cEN
_mENG
_h624.15132
999 _c81781
_d81781